| 000 | 00910ntm a22002177a 4500 | ||
|---|---|---|---|
| 005 | 20170813095154.0 | ||
| 008 | 170802s2011 xx a frb 000 0 eng d | ||
| 040 |
_aEG-ScBUE _beng _cEG-ScBUE |
||
| 082 | 0 | 4 |
_222 _a624 _bNAG |
| 100 | 1 | _aEl Nagdy, Mohamed Mahmoud. | |
| 245 | 1 | 0 |
_aHuman resource challenges in construction : _ban investigation into the challenges facing human resource management in the Egyptian construction and the management of diversity / _cMohamed Mahmoud El Nagdy. |
| 260 | _c2011. | ||
| 300 |
_av, 60 p. ; _c28 cm. |
||
| 500 | _aA dissertation Submitted To The Faculty of Engineering, The British University in Egypt , in Partial fulfillment of the requirements for the Bachelor degree in Civil Engineering | ||
| 590 | _anaira | ||
| 650 | 7 |
_2BUEsh _vProjects _xCivil engineering. |
|
| 653 |
_bENGCIV _cAugust2017 |
||
| 655 | _vSPRO | ||
| 700 | 1 |
_aOthman, Ayman. _cths |
|
| 942 | _2ddc | ||
| 999 |
_c25189 _d25161 |
||